000 00692nam a2200289Ia 4500
005 20260324141308.0
008 008 260324s9999 xx 000 0 eng d
020 _a9781315261812
037 _aEBOOK
040 _aCRL
040 _beng
040 _cCRL
041 _2eng
041 _aeng
084 _qCRL
100 _aPhillip J. Moore; Ross A.Telfer
_91207656
245 0 _aAviation Training
245 0 _bLearners, Instruction and Organization
260 _bTaylor and Francis
260 _c1997
365 _a
365 _b255
856 _uhttp://www.taylorfrancis.com/books/9781315261812
942 _cEBOOK
999 _c1810592
_d1810592